• 首页
  • 本馆介绍
  • 公告通知
  • 最新文献
  • 馆藏检索
  • 电子资源
  • 读者导购
  • 参考咨询
  • 我的图书馆
  • 登录
  • 详细信息显示
  • 放入我的书架
  • 预约/预借图书
  • 作者相关作品
  • 分类相关作品
  • 丛书相关作品
  • 出版社相关作品

书目信息

  • 表格格式
  • 工作单格式
  • 卡片格式
题名:
淮阳泥泥狗的故事
    
 
作者: 贾怀鹏, 著
分册:  
出版信息: 北京   新华出版社  2018
页数: 280页
开本: 24cm
丛书名:
单 册:
中图分类: J314.7
科图分类:
主题词: 泥塑--ni su--民间工艺--介绍--淮阳县
电子资源:
ISBN: 978-7-5166-3620-6
000 01085nam0 2200265 450
001 012001008243
005 20131022132145.0
010    @a978-7-5166-3620-6@dCNY58.00
099    @aCAL 012018010745
100    @a20171215d2018 em y0chiy50 ea
101 0  @achi
102    @aCN@b110000
105    @aa a 000yy
106    @ar
200 1  @a淮阳泥泥狗的故事@Ahuai yang ni ni gou de gu shi@e意象及其审美潜能@f贾怀鹏著
210    @a北京@c新华出版社@d2018
215    @a280页@c图@d24cm
320    @a有书目 (第267-276页)
330    @a本书通过田野调查和文献考据, 掌握大量的关于泥泥狗的第一手资料, 考证了泥泥狗的传统造型, 考察了泥泥狗图像的神话故事、民间故事、历史故事, 论证了泥泥狗意象与东夷文化、西南少数民族文化的血脉关联, 同时又从美学角度探讨了泥泥狗的宗教性意象在历史长河中逐渐褪去功利性色彩而转变成为审美意象的过程。
517 1  @a意象及其审美潜能@Ayi xiang ji qi shen mei qian neng
606 0  @a泥塑@Ani su@x民间工艺@x介绍@y淮阳县
690    @aJ314.7@v5
701  0 @a贾怀鹏,@Ajia huai peng@f1978-@4著
801  2 @aCN@b上海新华@c20191020
905    @b1178168-71@dJ314.7@e46@f4
    
    淮阳泥泥狗的故事:意象及其审美潜能/贾怀鹏著.-北京:新华出版社,2018
    280页:图;24cm
    
    
    ISBN 978-7-5166-3620-6:CNY58.00
    本书通过田野调查和文献考据, 掌握大量的关于泥泥狗的第一手资料, 考证了泥泥狗的传统造型, 考察了泥泥狗图像的神话故事、民间故事、历史故事, 论证了泥泥狗意象与东夷文化、西南少数民族文化的血脉关联, 同时又从美学角度探讨了泥泥狗的宗教性意象在历史长河中逐渐褪去功利性色彩而转变成为审美意象的过程。
●
相关链接 在E读中查询图书 在五车中查询图书 在当当中查询图书 在豆瓣中查询图书


正题名:淮阳泥泥狗的故事     索取号:J314.7/46         预约/预借

序号 登录号 条形码 馆藏地/架位号 状态 备注
1 1178168   211781687   第一样本阅览室/ [索取号:J314.7/46] 在馆    
2 1178169   211781696   第一借阅区/ [索取号:J314.7/46] 在馆    
3 1178170   211781703   第一借阅区/ [索取号:J314.7/46] 在馆    
4 1178171   211781712   第一借阅区/ [索取号:J314.7/46] 在馆    
唐山师范学院图书馆 欢迎您!
大连网信软件有限公司© 版权所有